000 00710nam a2200241 a 4500
001 000046764
003 DO-SdBNP
005 20240829110753.0
008 180322s2015 000 spa d
020 _a9789945590258
040 _aDO-SdBNP
_bspa
_cBNPHU
082 4 _aRD861.44
_bZ35a
_222
100 1 _aZapata, César Augusto
_921611
245 0 _aAnversos /
_cCésar Zapata.
260 _aSanto Domingo :
_bFunglode,
_c2015.
300 _a99 p. ;
_c24 cm.
586 _aPremio Funglode de poesía Pedro Mir 2014
590 _aInventariado, 2018/DG
650 4 _aPoesía dominicana
_2LEMB
650 4 _aLiteratura dominicana
_2LEMB
910 _aValidado. Control de calidad MFF
942 _2ddc
_cLBS1
999 _c46253
_d46253